Country by City "R" - Statistics

General Stats
  • This quiz has been taken 64 times
  • The average score is 15 of 18
Answer Stats
City Country % Correct
Reykjavik Iceland
100%
Rome Italy
100%
Rotterdam Netherlands
98%
Riyadh Saudi Arabia
98%
Reading United Kingdom
98%
Rouen France
94%
Rostov-on-Don Russia
94%
Raleigh United States
94%
Riga Latvia
90%
Recife Brazil
88%
Rabat Morocco
86%
Rajkot India
82%
Rzeszow Poland
78%
Rawalpindi Pakistan
76%
Rostock Germany
74%
Regina Canada
68%
Rosario Argentina
64%
Ramadi Iraq
62%
No matching quizzes found
Score Distribution
Percent of People with Each Score
Percentile by Number Answered
Your Score History
You have not taken this quiz